[Event "Glorney Gilbert International 2017 - Gilbert"]
[Site "Daventry, England"]
[Date "2017.07.24"]
[Round "2.4"]
[White "Hegde, Stuthi"]
[Black "Graham, Cassie M"]
[Result "1-0"]
[BlackElo "1874"]
[WhiteElo "1499"]
[LiveChessVersion "1.4.6"]

1. d4 {[%clk 1:30:58]} Nf6 {[%clk 1:30:52]} 2. Nf3 {[%clk 1:31:21]} d5
{[%clk 1:30:42]} 3. Bf4 {[%clk 1:31:30]} g6 {[%clk 1:31:06]} 4. Nc3
{[%clk 1:31:04]} Bg7 {[%clk 1:31:24]} 5. e3 {[%clk 1:30:50]} O-O {[%clk 1:31:43]}
6. Be2 {[%clk 1:31:06]} c5 {[%clk 1:32:02]} 7. O-O {[%clk 1:29:12]} cxd4
{[%clk 1:31:17]} 8. exd4 {[%clk 1:29:09]} Nc6 {[%clk 1:31:03]} 9. h3
{[%clk 1:27:42]} Ne4 {[%clk 1:26:17]} 10. Ne5 {[%clk 1:18:48]} Nxc3
{[%clk 1:21:14]} 11. bxc3 {[%clk 1:18:13]} Nxe5 {[%clk 1:21:29]} 12. Bxe5
{[%clk 1:17:03]} Bxe5 {[%clk 1:21:28]} 13. dxe5 {[%clk 1:17:00]} Be6
{[%clk 1:21:27]} 14. Rb1 {[%clk 1:15:18]} Qc7 {[%clk 1:18:47]} 15. Qd4
{[%clk 1:14:48]} Rfc8 {[%clk 1:16:17]} 16. Rb3 {[%clk 1:13:43]} Qc6
{[%clk 0:57:32]} 17. Rfb1 {[%clk 1:10:10]} b6 {[%clk 0:56:41]} 18. Ba6
{[%clk 0:59:33]} Rc7 {[%clk 0:55:21]} 19. a4 {[%clk 0:57:27]} Qc5
{[%clk 0:50:02]} 20. R1b2 {[%clk 0:53:29]} Bf5 {[%clk 0:39:26]} 21. Qf4
{[%clk 0:37:19]} Rd8 {[%clk 0:33:08]} 22. Bd3 {[%clk 0:34:32]} Bd7
{[%clk 0:23:22]} 23. Bb5 {[%clk 0:32:15]} Bxb5 {[%clk 0:22:29]} 24. axb5
{[%clk 0:31:39]} d4 {[%clk 0:22:08]} 25. cxd4 {[%clk 0:30:07]} Rxd4
{[%clk 0:21:52]} 26. Qe3 {[%clk 0:29:04]} Rc4 {[%clk 0:21:21]} 27. Qxc5
{[%clk 0:24:06]} R4xc5 {[%clk 0:21:35]} 28. f4 {[%clk 0:24:00]} Rxc2
{[%clk 0:20:30]} 29. Rxc2 {[%clk 0:24:18]} Rxc2 {[%clk 0:20:56]} 30. Ra3
{[%clk 0:24:32]} Rc7 {[%clk 0:21:08]} 31. Kf2 {[%clk 0:24:34]} Kf8
{[%clk 0:20:52]} 32. Ke3 {[%clk 0:24:30]} Ke8 {[%clk 0:20:56]} 33. Rd3
{[%clk 0:23:53]} Rc5 {[%clk 0:17:00]} 34. Ra3 {[%clk 0:23:22]} Rxb5
{[%clk 0:16:16]} 35. Rxa7 {[%clk 0:23:44]} Rb2 {[%clk 0:16:12]} 36. Kf3
{[%clk 0:23:25]} b5 {[%clk 0:15:47]} 37. Rb7 {[%clk 0:23:48]} b4 {[%clk 0:15:32]}
38. h4 {[%clk 0:22:37]} b3 {[%clk 0:12:07]} 39. g3 {[%clk 0:21:34]} Rb1
{[%clk 0:08:49]} 40. Ke2 {[%clk 0:20:54]} b2 {[%clk 0:06:55]} 41. Kf2
{[%clk 0:19:24]} Rh1 {[%clk 0:06:27]} 42. Rb8+ {[%clk 0:18:46]} Kd7
{[%clk 0:06:52]} 43. Rb7+ {[%clk 0:19:00]} Kc6 1-0

[Event "Glorney Gilbert International 2017 - Gilbert"]
[Site "Daventry, England"]
[Date "2017.07.24"]
[Round "2.5"]
[White "Green, Emily"]
[Black "James, Dai"]
[Result "1/2-1/2"]
[BlackElo "1832"]
[WhiteElo "1716"]
[LiveChessVersion "1.4.6"]

1. e4 e5 2. Nf3 Nc6 3. d4 exd4 4. Nxd4 Qh4 5. Nc3 Bb4 6. Qd3 Nf6 7. Nxc6 dxc6 8.
Bd2 O-O 9. g3 Qg4 10. f3 Qe6 11. a3 Ba5 12. O-O-O b5 13. Nb1 Bxd2+ 14. Qxd2 Qe7
15. g4 Be6 16. h4 Rfd8 17. Qc3 Rxd1+ 18. Kxd1 Rd8+ 19. Kc1 Qd6 20. Bd3 Qf4+ 21.
Nd2 Nd7 22. h5 h6 23. Rf1 Ne5 24. Be2 Bc4 25. Bxc4 Nxc4 26. Rd1 1/2-1/2

[Event "Glorney Gilbert International 2017 - Gilbert"]
[Site "Daventry, England"]
[Date "2017.07.24"]
[Round "2.6"]
[White "Williams, Stephen"]
[Black "Weaver, Lauren"]
[Result "0-1"]
[BlackElo "1641"]
[WhiteElo "1683"]
[LiveChessVersion "1.4.6"]

1. d4 Nf6 2. c4 g6 3. Nc3 Bg7 4. e4 d6 5. Be2 O-O 6. Bg5 Na6 7. Qd2 e5 8. d5 Qe8
9. f3 Nd7 10. g4 f5 11. gxf5 gxf5 12. exf5 Rxf5 13. Bd3 e4 14. fxe4 Ndc5 15. Be3
Bxc3 16. bxc3 Nxd3+ 17. Qxd3 Re5 18. O-O-O Rxe4 19. Bd4 Bf5 20. Qd2 Rg4 21. h3
Qe4 22. Kb2 Rg2 23. Bf2 Bg6 24. Re1 Rxf2 25. Qxf2 Qxh1 26. Nf3 Qxh3 27. Nh4 Nc5
28. Re3 Nd3+ 29. Rxd3 Qxd3 30. Nxg6 Qxg6 0-1

[Event "Glorney Gilbert International 2017 - Gilbert"]
[Site "Daventry, England"]
[Date "2017.07.24"]
[Round "2.7"]
[White "Kalavala, Nayana"]
[Black "Sivarajasingam, Shayanna"]
[Result "0-1"]
[BlackElo "1774"]
[WhiteElo "1303"]
[LiveChessVersion "1.4.6"]

1. e4 {[%clk 1:30:58]} e6 {[%clk 1:30:55]} 2. d4 {[%clk 1:31:22]} d5
{[%clk 1:31:20]} 3. Nd2 {[%clk 1:31:45]} dxe4 {[%clk 1:31:48]} 4. Nxe4
{[%clk 1:32:09]} Nd7 {[%clk 1:32:16]} 5. Nf3 {[%clk 1:32:08]} Ngf6
{[%clk 1:32:41]} 6. Bd3 {[%clk 1:31:55]} Nxe4 {[%clk 1:33:06]} 7. Bxe4
{[%clk 1:32:17]} Nf6 {[%clk 1:33:33]} 8. Bd3 {[%clk 1:32:17]} c5 {[%clk 1:33:46]}
9. Be3 {[%clk 1:32:06]} Qb6 {[%clk 1:32:41]} 10. b3 {[%clk 1:31:26]} cxd4
{[%clk 1:30:48]} 11. Bxd4 {[%clk 1:31:34]} Bc5 {[%clk 1:30:12]} 12. Bxc5
{[%clk 1:31:20]} Qxc5 {[%clk 1:30:31]} 13. O-O {[%clk 1:31:22]} O-O
{[%clk 1:28:02]} 14. Qd2 {[%clk 1:30:41]} b6 {[%clk 1:26:21]} 15. Rae1
{[%clk 1:28:11]} Bb7 {[%clk 1:21:28]} 16. Re5 {[%clk 1:25:12]} Qc7
{[%clk 1:20:45]} 17. Re3 {[%clk 1:21:22]} Ng4 {[%clk 1:17:16]} 18. h3
{[%clk 1:10:00]} Nxe3 {[%clk 1:17:07]} 19. Qxe3 {[%clk 1:10:16]} Rac8
{[%clk 1:12:44]} 20. Re1 {[%clk 1:09:09]} Rfd8 {[%clk 1:07:48]} 21. Ne5
{[%clk 1:08:03]} Qd6 {[%clk 0:33:20]} 22. Qe2 {[%clk 1:03:16]} Qe7
{[%clk 0:31:53]} 23. Qh5 {[%clk 1:02:15]} f5 {[%clk 0:23:25]} 24. Nc4
{[%clk 0:58:54]} Qf7 {[%clk 0:22:22]} 25. Qg5 {[%clk 0:58:09]} Qg6
{[%clk 0:16:49]} 26. Qxg6 {[%clk 0:57:53]} hxg6 27. Rxe6 Kf7 {[%clk 0:17:27]} 28.
Rd6 {[%clk 0:56:55]} Be4 {[%clk 0:08:30]} 29. Bxe4 {[%clk 0:54:57]} fxe4
{[%clk 0:08:53]} 30. Ne5+ {[%clk 0:54:05]} Kg8 {[%clk 0:08:30]} 31. Rxg6
{[%clk 0:54:12]} Rd1+ {[%clk 0:08:23]} 32. Kh2 {[%clk 0:54:03]} Rxc2
{[%clk 0:08:25]} 33. f3 {[%clk 0:52:55]} e3 {[%clk 0:07:57]} 34. Ng4
{[%clk 0:51:59]} e2 {[%clk 0:08:15]} 35. Ne3 {[%clk 0:51:42]} Rcc1
{[%clk 0:06:31]} 36. Nxd1 {[%clk 0:51:46]} exd1=Q {[%clk 0:06:49]} 37. Kg3
{[%clk 0:51:55]} Qc2 {[%clk 0:06:49]} 38. Rg4 {[%clk 0:52:16]} Rg1
{[%clk 0:06:41]} 39. Kf4 {[%clk 0:52:34]} Rxg2 {[%clk 0:07:02]} 40. Rg3
{[%clk 0:52:19]} Qc7+ {[%clk 0:07:11]} 41. Ke3 {[%clk 0:52:40]} Rxg3
{[%clk 0:07:31]} 42. Kd2 {[%clk 0:52:56]} Rxf3 {[%clk 0:07:57]} 43. Kd1
{[%clk 0:53:20]} Rf2 {[%clk 0:08:22]} 44. Ke1 {[%clk 0:53:43]} Qc2
{[%clk 0:08:46]} 45. a4 {[%clk 0:54:02]} Qe2# 0-1

[Event "Glorney Gilbert International 2017 - Gilbert"]
[Site "Daventry, England"]
[Date "2017.07.24"]
[Round "2.8"]
[White "Fraser, Susanna"]
[Black "Govindaraj, Neya"]
[Result "1-0"]
[BlackElo "1318"]
[WhiteElo "1475"]
[LiveChessVersion "1.4.6"]

1. d4 {[%clk 1:30:58]} g6 {[%clk 1:30:53]} 2. c4 {[%clk 1:31:20]} Bg7
{[%clk 1:31:17]} 3. Nc3 {[%clk 1:31:38]} Nf6 {[%clk 1:31:28]} 4. e4
{[%clk 1:31:56]} d6 {[%clk 1:31:52]} 5. Nf3 {[%clk 1:32:11]} O-O {[%clk 1:31:49]}
6. Be2 {[%clk 1:32:33]} Nbd7 {[%clk 1:32:00]} 7. O-O {[%clk 1:32:44]} c5
{[%clk 1:31:51]} 8. d5 {[%clk 1:32:51]} Nb6 {[%clk 1:28:29]} 9. h3
{[%clk 1:31:13]} Bd7 {[%clk 1:21:29]} 10. Be3 {[%clk 1:29:22]} Qc7
{[%clk 1:18:59]} 11. Qd2 {[%clk 1:25:21]} e6 {[%clk 1:15:43]} 12. Bh6
{[%clk 1:16:04]} exd5 {[%clk 1:15:15]} 13. exd5 {[%clk 1:15:43]} Rfe8
{[%clk 1:12:46]} 14. Bxg7 {[%clk 1:15:45]} Kxg7 {[%clk 1:13:06]} 15. Bd3
{[%clk 1:15:01]} Na4 {[%clk 1:07:53]} 16. Nxa4 {[%clk 1:14:15]} Bxa4
{[%clk 1:08:02]} 17. b3 {[%clk 1:14:19]} Bd7 {[%clk 1:08:00]} 18. Rfe1
{[%clk 1:14:12]} a6 {[%clk 1:07:12]} 19. a4 {[%clk 1:06:09]} Rxe1+
{[%clk 1:01:59]} 20. Rxe1 {[%clk 1:06:25]} Re8 {[%clk 1:02:02]} 21. Rxe8
{[%clk 1:06:15]} Bxe8 {[%clk 1:01:55]} 22. Be2 {[%clk 1:04:39]} Qe7
{[%clk 0:58:30]} 23. Bf1 {[%clk 1:03:33]} Nd7 {[%clk 0:55:51]} 24. Nh2
{[%clk 0:58:32]} f5 25. Nf3 {[%clk 0:58:32]} Ne5 26. Qc3 {[%clk 0:58:32]} Qf6 27.
Nxe5 {[%clk 0:58:32]} dxe5 28. Be2 {[%clk 0:58:32]} e4 29. Qd2 {[%clk 0:58:32]}
Qd6 30. f3 {[%clk 0:58:32]} exf3 31. Bxf3 {[%clk 0:58:32]} b5 32. axb5
{[%clk 0:58:32]} axb5 33. Qe2 {[%clk 0:58:32]} Bf7 34. cxb5 {[%clk 0:58:32]} Kf8
35. Qc4 {[%clk 0:58:32]} Ke7 36. Qh4+ {[%clk 0:58:32]} Ke8 37. Qxh7
{[%clk 0:58:32]} Bxd5 38. Bxd5 {[%clk 0:58:32]} Qxd5 39. Qxg6+ {[%clk 0:58:32]}
Kd8 {[%clk 0:24:48]} 40. Qb6+ {[%clk 0:31:03]} Kc8 {[%clk 0:24:30]} 41. Qc6+
{[%clk 0:31:23]} Qxc6 {[%clk 0:24:49]} 42. bxc6 {[%clk 0:31:46]} Kc7
{[%clk 0:24:49]} 43. h4 {[%clk 0:32:05]} Kxc6 {[%clk 0:24:52]} 44. h5 1-0

[Event "Glorney Gilbert International 2017 - Gilbert"]
[Site "Daventry, England"]
[Date "2017.07.25"]
[Round "3.1"]
[White "Sivarajasingam, Shayanna"]
[Black "Mirza, Diana"]
[Result "1/2-1/2"]
[BlackElo "1919"]
[WhiteElo "1774"]
[LiveChessVersion "1.4.6"]

1. e4 {[%clk 1:30:59]} c5 {[%clk 1:30:56]} 2. Nf3 {[%clk 1:31:21]} e6
{[%clk 1:31:21]} 3. c4 {[%clk 1:31:49]} Nc6 {[%clk 1:31:45]} 4. Nc3
{[%clk 1:32:15]} g6 {[%clk 1:31:57]} 5. d4 {[%clk 1:32:32]} cxd4 {[%clk 1:32:18]}
6. Nxd4 {[%clk 1:32:58]} a6 {[%clk 1:31:51]} 7. Be3 {[%clk 1:32:30]} Nf6
{[%clk 1:31:43]} 8. Be2 {[%clk 1:30:44]} Bg7 {[%clk 1:30:03]} 9. Qd2
{[%clk 1:28:08]} Qc7 {[%clk 1:26:28]} 10. O-O {[%clk 1:26:05]} O-O
{[%clk 1:25:46]} 11. f4 {[%clk 1:18:54]} d6 {[%clk 1:22:58]} 12. Rad1
{[%clk 1:15:17]} Ne8 {[%clk 1:19:04]} 13. b3 {[%clk 1:10:36]} Rb8
{[%clk 1:13:07]} 14. Bf3 {[%clk 1:03:32]} Nxd4 {[%clk 1:08:56]} 15. Bxd4
{[%clk 1:03:38]} b5 {[%clk 1:09:21]} 16. Bxg7 {[%clk 1:01:58]} Kxg7
{[%clk 1:09:26]} 17. cxb5 {[%clk 1:01:05]} axb5 {[%clk 1:09:50]} 18. Be2
{[%clk 0:59:15]} Bd7 {[%clk 1:06:13]} 19. Qd4+ {[%clk 0:48:59]} Kg8
{[%clk 1:06:20]} 20. b4 {[%clk 0:48:22]} Bc6 {[%clk 1:03:15]} 21. Rc1
{[%clk 0:40:28]} Qb7 {[%clk 1:02:33]} 22. Bf3 {[%clk 0:40:01]} Rd8
{[%clk 0:50:08]} 23. Rfd1 {[%clk 0:31:41]} Nc7 {[%clk 0:46:54]} 24. Kh1
{[%clk 0:29:44]} Rd7 {[%clk 0:35:36]} 25. Rd2 {[%clk 0:27:43]} Rfd8
{[%clk 0:31:43]} 26. Rcd1 {[%clk 0:27:18]} Ne8 {[%clk 0:24:39]} 27. h3
{[%clk 0:25:25]} 1/2-1/2

[Event "Glorney Gilbert International 2017 - Gilbert"]
[Site "Daventry, England"]
[Date "2017.07.25"]
[Round "3.2"]
[White "Ferguson, Dayna"]
[Black "Fraser, Susanna"]
[Result "1-0"]
[BlackElo "1475"]
[WhiteElo "1451"]
[LiveChessVersion "1.4.6"]

1. d4 {[%clk 1:30:58]} d5 {[%clk 1:30:54]} 2. c4 {[%clk 1:31:24]} e6
{[%clk 1:31:17]} 3. Nf3 {[%clk 1:31:49]} Nf6 {[%clk 1:31:39]} 4. g3
{[%clk 1:32:15]} Be7 {[%clk 1:32:01]} 5. Bg2 {[%clk 1:32:40]} O-O
{[%clk 1:32:11]} 6. O-O {[%clk 1:33:02]} Nbd7 {[%clk 1:32:11]} 7. Qc2
{[%clk 1:33:21]} Nb6 {[%clk 1:32:23]} 8. b3 {[%clk 1:33:08]} c5 {[%clk 1:31:53]}
9. Rd1 {[%clk 1:32:39]} Qc7 {[%clk 1:30:58]} 10. Bf4 {[%clk 1:30:49]} Bd6
{[%clk 1:28:39]} 11. dxc5 {[%clk 1:28:03]} Qxc5 {[%clk 1:25:09]} 12. Bxd6
{[%clk 1:27:52]} Qxd6 {[%clk 1:25:25]} 13. c5 {[%clk 1:27:44]} Qc7
{[%clk 1:23:46]} 14. Na3 {[%clk 1:27:34]} Nbd7 {[%clk 1:23:08]} 15. Rac1
{[%clk 1:27:02]} Nb8 {[%clk 0:59:35]} 16. Nb5 {[%clk 1:19:43]} Qe7
{[%clk 0:58:45]} 17. Nd6 {[%clk 1:15:37]} h6 {[%clk 0:54:53]} 18. Nd2
{[%clk 1:05:40]} Na6 {[%clk 0:50:11]} 19. a3 {[%clk 1:02:02]} b6 {[%clk 0:43:58]}
20. b4 {[%clk 0:59:17]} Bd7 {[%clk 0:38:11]} 21. e4 {[%clk 0:57:15]} dxe4
{[%clk 0:35:48]} 22. N2xe4 {[%clk 0:56:49]} Nxe4 {[%clk 0:35:52]} 23. Nxe4
{[%clk 0:56:25]} Rac8 {[%clk 0:32:02]} 24. Qd3 {[%clk 0:51:25]} Ba4
{[%clk 0:30:25]} 25. Qxa6 {[%clk 0:49:39]} Bxd1 {[%clk 0:30:40]} 26. Rxd1
{[%clk 0:50:02]} bxc5 {[%clk 0:30:06]} 27. Nxc5 {[%clk 0:50:08]} Rfd8
{[%clk 0:28:31]} 28. Rb1 {[%clk 0:39:28]} Rb8 {[%clk 0:22:25]} 29. Nb7
{[%clk 0:34:40]} Rd7 {[%clk 0:21:06]} 30. Na5 {[%clk 0:34:39]} Rb6
{[%clk 0:20:14]} 31. Qc8+ {[%clk 0:32:41]} Rd8 {[%clk 0:20:01]} 32. Nc6
{[%clk 0:32:43]} Rxc6 {[%clk 0:15:09]} 33. Qxc6 {[%clk 0:33:00]} Qf6
{[%clk 0:14:33]} 34. Qc7 {[%clk 0:31:41]} Qd4 {[%clk 0:14:36]} 35. Qc5
{[%clk 0:30:31]} Qd3 {[%clk 0:14:01]} 36. Qc1 {[%clk 0:30:33]} Qa6
{[%clk 0:13:56]} 37. b5 {[%clk 0:29:02]} Qb6 {[%clk 0:11:55]} 38. Qc6
{[%clk 0:27:51]} Qa5 {[%clk 0:09:59]} 39. b6 {[%clk 0:27:32]} axb6
{[%clk 0:08:56]} 40. Qxb6 {[%clk 0:27:37]} Qxb6 {[%clk 0:07:52]} 41. Rxb6
{[%clk 0:27:59]} Rd1+ {[%clk 0:08:09]} 42. Bf1 {[%clk 0:28:22]} Ra1
{[%clk 0:08:22]} 43. Rb8+ {[%clk 0:28:23]} Kh7 {[%clk 0:08:41]} 44. Ra8
{[%clk 0:28:47]} Kg6 {[%clk 0:09:03]} 45. Kg2 {[%clk 0:29:03]} Kf6
{[%clk 0:09:14]} 46. a4 {[%clk 0:28:58]} Ra2 {[%clk 0:08:55]} 47. a5
{[%clk 0:28:39]} e5 {[%clk 0:08:41]} 48. a6 {[%clk 0:26:48]} e4 {[%clk 0:08:27]}
49. Re8 {[%clk 0:26:13]} Kf5 {[%clk 0:06:44]} 50. Re7 {[%clk 0:24:57]} f6
{[%clk 0:06:59]} 51. Bc4 {[%clk 0:23:59]} Ra4 {[%clk 0:06:21]} 52. Bb5
{[%clk 0:23:33]} Ra5 {[%clk 0:06:14]} 53. a7 {[%clk 0:23:36]} Ra2
{[%clk 0:05:31]} 54. Bc4 {[%clk 0:21:48]} Ra5 {[%clk 0:04:24]} 55. Bd5
{[%clk 0:21:57]} Ra4 {[%clk 0:04:30]} 56. a8=Q {[%clk 0:22:03]} Rxa8
{[%clk 0:04:42]} 57. Bxa8 {[%clk 0:22:27]} Kg6 {[%clk 0:05:00]} 58. Bxe4+
{[%clk 0:22:43]} f5 {[%clk 0:05:02]} 59. Bd3 {[%clk 0:22:32]} Kf6
{[%clk 0:05:19]} 60. Re3 {[%clk 0:22:42]} Kg5 {[%clk 0:05:20]} 61. Re6
{[%clk 0:22:39]} g6 {[%clk 0:05:25]} 62. f4+ {[%clk 0:22:48]} Kh5
{[%clk 0:05:24]} 63. Be2# 1-0

[Event "Glorney Gilbert International 2017 - Gilbert"]
[Site "Daventry, England"]
[Date "2017.07.25"]
[Round "3.4"]
[White "Graham, Cassie M"]
[Black "Kalavala, Nayana"]
[Result "1-0"]
[BlackElo "1303"]
[WhiteElo "1874"]
[LiveChessVersion "1.4.6"]

1. e4 {[%clk 1:30:58]} e5 {[%clk 1:30:56]} 2. Nf3 {[%clk 1:31:20]} Nc6
{[%clk 1:31:20]} 3. Bc4 {[%clk 1:31:42]} Nf6 {[%clk 1:31:40]} 4. d4
{[%clk 1:32:05]} exd4 {[%clk 1:29:58]} 5. e5 {[%clk 1:32:29]} Ne4
{[%clk 1:28:27]} 6. O-O {[%clk 1:31:20]} Be7 {[%clk 1:25:05]} 7. Re1
{[%clk 1:29:55]} d5 {[%clk 1:23:17]} 8. Bb5 {[%clk 1:26:15]} O-O {[%clk 1:22:15]}
9. Bxc6 {[%clk 1:25:21]} bxc6 {[%clk 1:22:30]} 10. Nxd4 {[%clk 1:25:12]} Bd7
{[%clk 1:14:27]} 11. Nd2 {[%clk 1:16:05]} Nc5 {[%clk 1:08:56]} 12. f4
{[%clk 0:52:08]} Ne6 {[%clk 1:07:47]} 13. N2f3 {[%clk 0:51:22]} Nxd4
{[%clk 1:00:56]} 14. Qxd4 {[%clk 0:48:41]} Bg4 {[%clk 0:58:57]} 15. Qc3
{[%clk 0:47:04]} Qd7 {[%clk 0:58:07]} 16. h3 {[%clk 0:43:13]} Bxf3
{[%clk 0:54:51]} 17. Qxf3 {[%clk 0:43:37]} Qf5 {[%clk 0:53:08]} 18. Qc3
{[%clk 0:42:09]} Qd7 {[%clk 0:51:59]} 19. Qd3 {[%clk 0:35:51]} Rab8
{[%clk 0:49:39]} 20. f5 {[%clk 0:35:39]} g6 {[%clk 0:45:59]} 21. f6
{[%clk 0:35:08]} Bc5+ {[%clk 0:45:22]} 22. Be3 {[%clk 0:31:05]} Bxe3+
{[%clk 0:44:18]} 23. Qxe3 {[%clk 0:31:21]} Kh8 {[%clk 0:43:28]} 24. b3
{[%clk 0:30:27]} Ra8 {[%clk 0:43:43]} 25. Rad1 {[%clk 0:29:05]} Qf5
{[%clk 0:40:41]} 26. Rd2 {[%clk 0:27:03]} Rfe8 {[%clk 0:39:23]} 27. Qh6
{[%clk 0:22:26]} Rg8 {[%clk 0:39:12]} 28. Rf2 {[%clk 0:22:21]} Qh5
{[%clk 0:38:38]} 29. Qxh5 {[%clk 0:20:13]} gxh5 {[%clk 0:38:59]} 30. Rf5
{[%clk 0:20:17]} h4 {[%clk 0:38:28]} 31. e6 {[%clk 0:16:05]} Rgf8
{[%clk 0:34:08]} 32. e7 {[%clk 0:16:03]} Rg8 {[%clk 0:33:19]} 33. Rf4
{[%clk 0:15:46]} Rae8 {[%clk 0:32:39]} 34. Rxh4 {[%clk 0:15:57]} Rg6
{[%clk 0:32:47]} 35. Rf1 {[%clk 0:15:57]} Rgg8 {[%clk 0:31:59]} 36. Rf5
{[%clk 0:16:03]} Rg6 {[%clk 0:30:59]} 37. Ra4 {[%clk 0:15:44]} Reg8
{[%clk 0:31:01]} 38. Rf2 {[%clk 0:15:47]} Ra8 {[%clk 0:31:04]} 39. Ra6
{[%clk 0:16:02]} c5 {[%clk 0:31:02]} 40. Rc6 {[%clk 0:16:23]} c4 {[%clk 0:31:01]}
41. Rxc7 {[%clk 0:16:13]} cxb3 {[%clk 0:30:47]} 42. axb3 {[%clk 0:16:39]} a5
{[%clk 0:30:39]} 43. Rd7 {[%clk 0:17:02]} Rg5 44. Rd8+ Rg8 {[%clk 0:28:27]} 45.
Rxd5 {[%clk 0:17:19]} a4 {[%clk 0:28:25]} 46. bxa4 {[%clk 0:17:40]} Rxa4
{[%clk 0:28:44]} 47. Rd8 {[%clk 0:17:45]} Ra1+ {[%clk 0:28:43]} 48. Rf1
{[%clk 0:17:54]} Ra8 {[%clk 0:28:47]} 49. Rxa8 {[%clk 0:18:01]} Rxa8
{[%clk 0:29:09]} 50. Rd1 {[%clk 0:18:25]} h5 {[%clk 0:27:15]} 51. Rd8+
{[%clk 0:18:50]} Rxd8 {[%clk 0:27:07]} 52. exd8=Q+ {[%clk 0:19:12]} Kh7
{[%clk 0:27:22]} 53. c4 {[%clk 0:19:31]} h4 {[%clk 0:27:43]} 54. c5
{[%clk 0:19:52]} Kh6 {[%clk 0:27:57]} 55. c6 {[%clk 0:20:04]} Kh7
{[%clk 0:28:20]} 56. c7 {[%clk 0:20:29]} Kh6 {[%clk 0:28:37]} 57. c8=Q
{[%clk 0:20:51]} Kh7 {[%clk 0:28:48]} 58. Qf5+ {[%clk 0:21:15]} Kh6
{[%clk 0:29:11]} 59. Qh8# 1-0

[Event "Glorney Gilbert International 2017 - Gilbert"]
[Site "Daventry, England"]
[Date "2017.07.25"]
[Round "3.5"]
[White "Govindaraj, Neya"]
[Black "Green, Emily"]
[Result "1/2-1/2"]
[BlackElo "1716"]
[WhiteElo "1318"]
[LiveChessVersion "1.4.6"]

1. d4 Nf6 2. Nc3 d5 3. Bg5 Nbd7 4. Qd3 h6 5. Bf4 e6 6. e4 dxe4 7. Nxe4 Nd5 8. Bd2
N7f6 9. Nf3 Nxe4 10. Qxe4 Bd6 11. O-O-O Nf6 12. Qd3 a6 13. h3 b5 14. g4 Bb7 15.
Rg1 Be4 16. Qe2 Qd7 17. Ne5 Bxe5 18. dxe5 Qc6 19. c3 Nd7 20. f4 Nc5 21. Be3 Na4
22. Qd2 Ke7 23. Bg2 Rhd8 24. Bxe4 Qxe4 25. Qf2 Ke8 26. Rd2 Rxd2 27. Qxd2 Rd8 28.
Qe2 Nb6 29. Re1 Nc4 30. b3 Nxe3 31. Qxe3 Qd3 32. h4 c5 33. f5 1/2-1/2

[Event "Glorney Gilbert International 2017 - Gilbert"]
[Site "Daventry, England"]
[Date "2017.07.25"]
[Round "3.6"]
[White "Weaver, Lauren"]
[Black "Lutchman-Singh, Aishwarya"]
[Result "1/2-1/2"]
[BlackElo "1417"]
[WhiteElo "1641"]
[LiveChessVersion "1.4.6"]

1. d4 Nf6 2. Nf3 d6 3. Nc3 Nbd7 4. e4 e5 5. dxe5 dxe5 6. Bc4 Bc5 7. O-O O-O 8.
Bg5 Qe8 9. a3 h6 10. Bd2 a6 11. b4 Ba7 12. Qe2 b5 13. Bb3 Bb7 14. Be3 c5 15. Bd5
Nxd5 16. Nxd5 Bxd5 17. exd5 e4 18. Nh4 Qe5 19. g3 Qxd5 20. Rfd1 Qe6 21. a4 Rfd8
22. axb5 axb5 23. Qxb5 Rab8 24. Qa4 Ra8 25. Ng2 Bb6 26. Qb5 Rxa1 27. Rxa1 cxb4
28. Bxb6 Qxb6 29. Qc4 Qb7 30. Qd4 Rc8 31. Ra7 Qc6 32. Qxd7 Qxd7 33. Rxd7 Rxc2 34.
Ne3 Rc1+ 35. Rd1 Rxd1+ 36. Nxd1 Kf8 37. Kf1 Ke7 38. Ke2 Kd6 39. Kd2 Kd5 40. Kc2
Kc4 41. Ne3+ Kd4 42. Kb3 Kd3 43. Kxb4 Ke2 44. Kc4 Kxf2 45. Kd4 Kf3 46. Nf5 g5 47.
Ne3 h5 48. Nf5 f6 49. Ne3 h4 50. Nd5 hxg3 51. hxg3 Kxg3 52. Nxf6 Kf4 53. Nxe4 g4
54. Kd3 g3 55. Nxg3 Kxg3 1/2-1/2

[Event "Glorney Gilbert International 2017 - Gilbert"]
[Site "Daventry, England"]
[Date "2017.07.25"]
[Round "3.7"]
[White "Toure, Shanthi"]
[Black "Hegde, Stuthi"]
[Result "1-0"]
[BlackElo "1499"]
[WhiteElo "1885"]
[LiveChessVersion "1.4.6"]

1. e4 {[%clk 1:30:57]} c5 {[%clk 1:30:56]} 2. Nc3 {[%clk 1:30:09]} Nc6
{[%clk 1:31:20]} 3. f4 {[%clk 1:29:53]} g6 {[%clk 1:31:34]} 4. Nf3
{[%clk 1:28:49]} Bg7 {[%clk 1:31:43]} 5. Bc4 {[%clk 1:28:52]} e6 {[%clk 1:31:03]}
6. O-O {[%clk 1:28:44]} Nge7 {[%clk 1:30:54]} 7. d3 {[%clk 1:28:59]} O-O
{[%clk 1:29:54]} 8. Qe1 {[%clk 1:29:06]} d5 {[%clk 1:27:38]} 9. Bb3
{[%clk 1:27:19]} Nd4 {[%clk 1:22:16]} 10. Qh4 {[%clk 0:58:51]} Nxf3+
{[%clk 1:10:49]} 11. Rxf3 {[%clk 0:53:16]} dxe4 {[%clk 1:07:44]} 12. Nxe4
{[%clk 0:42:46]} Nf5 {[%clk 1:02:28]} 13. Qxd8 {[%clk 0:36:21]} Rxd8
{[%clk 1:02:39]} 14. c3 {[%clk 0:34:47]} b6 {[%clk 1:01:24]} 15. g4
{[%clk 0:32:03]} Nd6 {[%clk 0:58:06]} 16. Nxd6 {[%clk 0:27:16]} Rxd6
{[%clk 0:58:09]} 17. Bc4 {[%clk 0:27:24]} Bb7 {[%clk 0:58:09]} 18. Rf2
{[%clk 0:24:58]} Rad8 {[%clk 0:57:13]} 19. h3 {[%clk 0:18:43]} Bd5
{[%clk 0:51:29]} 20. Ba6 {[%clk 0:16:24]} Bc6 {[%clk 0:50:11]} 21. a4
{[%clk 0:14:41]} Kf8 {[%clk 0:39:27]} 22. Be3 {[%clk 0:10:33]} f5
{[%clk 0:37:35]} 23. Kh2 {[%clk 0:03:36]} R8d7 {[%clk 0:34:37]} 24. a5
{[%clk 0:01:36]} Bb7 {[%clk 0:31:40]} 25. axb6 {[%clk 0:01:20]} axb6
{[%clk 0:30:14]} 26. Bc4 {[%clk 0:01:39]} Bd5 {[%clk 0:29:19]} 27. Ba6
{[%clk 0:02:05]} Bb7 {[%clk 0:28:59]} 28. Bxb7 {[%clk 0:00:56]} Rxb7
{[%clk 0:28:53]} 29. Rd2 {[%clk 0:01:01]} Rbd7 {[%clk 0:28:30]} 30. Rad1
{[%clk 0:01:13]} Kf7 {[%clk 0:26:54]} 31. Kg2 {[%clk 0:00:51]} Rd5
{[%clk 0:26:36]} 32. Kf3 {[%clk 0:00:50]} Ke7 {[%clk 0:25:13]} 33. Ke2
{[%clk 0:00:49]} Ra7 {[%clk 0:21:21]} 34. d4 {[%clk 0:00:38]} cxd4
{[%clk 0:21:34]} 35. Bxd4 {[%clk 0:01:01]} Bxd4 {[%clk 0:21:43]} 36. Rxd4
{[%clk 0:01:27]} Rad7 {[%clk 0:17:12]} 37. Rxd5 {[%clk 0:00:56]} Rxd5
{[%clk 0:16:46]} 38. Rxd5 {[%clk 0:01:25]} exd5 {[%clk 0:16:56]} 39. g5
{[%clk 0:01:19]} Kd6 {[%clk 0:17:08]} 40. b4 {[%clk 0:01:30]} Kc6
{[%clk 0:16:31]} 41. Kd3 {[%clk 0:01:47]} Kd6 {[%clk 0:16:16]} 42. Kd4
{[%clk 0:02:11]} Ke6 {[%clk 0:16:22]} 43. c4 {[%clk 0:01:14]} dxc4
{[%clk 0:16:33]} 44. Kxc4 {[%clk 0:01:41]} Kd6 {[%clk 0:16:25]} 45. Kb5
{[%clk 0:01:33]} Kc7 {[%clk 0:16:35]} 46. Ka6 {[%clk 0:01:39]} Kc6
{[%clk 0:16:39]} 47. b5+ {[%clk 0:01:31]} Kd5 {[%clk 0:16:47]} 48. Kxb6
{[%clk 0:01:55]} Ke4 {[%clk 0:17:14]} 49. Kc5 {[%clk 0:01:58]} Kxf4
{[%clk 0:17:37]} 50. b6 {[%clk 0:02:20]} Ke3 {[%clk 0:17:53]} 51. b7
{[%clk 0:02:37]} 1-0